ベラルーシの地方 (地図付き) - Statistics

General Stats
  • This quiz has been taken 62 times
  • The average score is 2 of 7
Answers on the Map
Answers color-coded by a green-red scale on the quiz's map according to % correct below.
 
Answer Stats
Answer % Correct
ミンスク市
100%
ミンスク州
100%
ブレスト州
18%
ホメリ州
15%
フロドナ州
5%
マヒリョウ州
3%
ヴィーツェプスク州
0%
No matching quizzes found
Score Distribution
Percent of People with Each Score
Percentile by Number Answered
Your Score History
You have not taken this quiz